000 01166nam a2200313Ia 4500
001 ebr10412658
003 CaPaEBR
006 m u
007 cr cn|||||||||
008 100407s2010 nju sb 001 0 eng d
010 _z 2010012131
020 _z9781444336795
020 _z9781405161480
040 _aCaPaEBR
_cCaPaEBR
035 _a(OCoLC)680623474
050 1 4 _aQE527.7
_b.F68 2010eb
082 0 4 _a551.21
_222
100 1 _aFoulger, Gillian R.,
_d1952-
245 1 0 _aPlates vs plumes
_h[electronic resource] :
_ba geological controversy /
_cGillian R. Foulger.
260 _aHoboken, N.J. :
_bWiley-Blackwell,
_c2010.
300 _axxxii, 596 p.
504 _aIncludes bibliographical references and index.
533 _aElectronic reproduction.
_bPalo Alto, Calif. :
_cebrary,
_d2010.
_nAvailable via World Wide Web.
_nAccess may be limited to ebrary affiliated libraries.
650 0 _aMantle plumes.
650 0 _aPlate tectonics.
655 7 _aElectronic books.
_2local
710 2 _aebrary, Inc.
856 4 0 _uhttp://site.ebrary.com/lib/rucke/Doc?id=10412658
_zAn electronic book accessible through the World Wide Web; click to view
999 _c86560
_d86560